ASME 2018 12th International Conference on Energy Sustainability collocated with the ASME 2018 Power Conference and the ASME 2018 Nuclear Forum

Detalhes bibliográficos
Formato: Recurso Electrónico Periódico
Idioma:English
Publicado em: ASME
Acesso em linha:Full text available on ASME[2018-2018]
Off-campus access
LEADER 01026cas a2200181 a 4500
001 AALConferenceProceedingsASME000479
008 230101c9999 xx r poo 0 0eng d
020 |a 978-0-7918-5141-8 
040 |a BD-DhAAL  |c BD-DhAAL 
245 0 0 |h [electronic resource]  |a ASME 2018 12th International Conference on Energy Sustainability collocated with the ASME 2018 Power Conference and the ASME 2018 Nuclear Forum 
260 |b ASME 
300 |a 1 online resource 
500 |a <strong>Off-Campus Access:</strong> Athens ID and Password Required 
500 |a <strong>On-Campus Access:</strong> No User ID or Password Required 
506 |a Electronic access restricted to authorized BRAC University faculty, staff and students 
538 |a Mode of access: Internet 
856 4 0 |z Full text available on ASME[2018-2018]  |u https://asmedigitalcollection.asme.org/ES/ES2018/volume/51418 
856 4 0 |z Off-campus access  |u https://go.openathens.net/redirector/bracu.ac.bd?url=https%3A%2F%2Fasmedigitalcollection.asme.org%2FES%2FES2018%2Fvolume%2F51418